=LDR 00000nam 2200000 4500 =001 INLIS000000000035277 =005 20260522033253 =035 ##$$a 0010-061300000035277 =008 260522################g##########0#ind## =041 ##$$a ind =082 ##$$a 344.110 26 =090 ##$$a 344.110 26 Hus h =100 ##$$a Husni, Lalu =245 1#$$a Hukum penempatan dan perlindungan terhadap TKI yang bekerja diluar negeri /$c Lalu Husni ; editor, Sarkawi =260 ##$$a Malang :$b Univ. Brawijaya,$c 2010 =300 ##$$a xiii, 452 hlm ; $c 21 x 15 cm =650 #4$$a Hukum Perubahan =650 #4$$a Ketenagakerjaan - Undang-undang dan Peraturan =850 ##$$a NBPNMAT =020 ##$$a 978-602-8540-89-6 =084 ##$$a 344.110 26 HUS h =700 #$$a Sarkawi =990 ##$$a 21302489 =990 ##$$a 21302492 =990 ##$$a 21302491 =990 ##$$a 21302490 =990 ##$$a 21601695 =990 ##$$a 21601696 =990 ##$$a 21601697 =990 ##$$a 21601698 =990 ##$$a 21601699 =990 ##$$a 21705800 =990 ##$$a 21705799 =990 ##$$a 21705798 =990 ##$$a 21705797 =990 ##$$a 21705796